| 000 | 02356nam0a2200385 i 4500 | ||
|---|---|---|---|
| 001 | RU\NLR\BIBL_A\012563737 | ||
| 005 | 20260405085907.0 | ||
| 010 |
_a9785001186366 _9100 |
||
| 021 |
_aRU _b2021-15034 _9КН-П-1192 |
||
| 035 | _a(NLR Aleph) 012563737 | ||
| 090 |
_a12468626 _c12468626 |
||
| 100 | _a20210713d2020 km y0rusy50 ca | ||
| 101 | 0 | _arus | |
| 102 | _aRU | ||
| 105 | _aa|||z|||000zy | ||
| 181 | 0 |
_ai _baxxe |
|
| 182 | 0 | _an | |
| 200 | 1 |
_aПсихология надежности сотрудника МЧС: духовно-нравственный подход _dPsychology of reliabilty of an emergency situations employee: Spiritual and moral Approach _eмонография _fС. Н. Савинков, Н. А. Коваль, В. В. Комаров _zeng |
|
| 203 |
_aТекст _bвизуальный _cнепосредственный |
||
| 210 |
_aКазань _cБук _d2020 |
||
| 215 |
_a215, [1] с. _cил. _d21 |
||
| 300 | _aАвт. также на англ. яз.: S. N. Savinkov, N. A. Koval, V. V. Komarov | ||
| 300 | _aНа обороте тит. с. авт.: Савинков С. Н. - преп., Коваль Н. А. - д-р психол. наук, проф., засл. деят. науки РФ, Комаров В. В. - канд. психол. наук, доц. | ||
| 320 | _aБиблиогр.: с. 169-185 (189 назв.) | ||
| 510 | 1 |
_6z11790 _aPsychology of reliabilty of an emergency situations employee: Spiritual and moral Approach _zeng |
|
| 601 | 0 | 1 |
_aРоссийская Федерация _bМинистерство по делам гражданской обороны, чрезвычайным ситуациям и ликвидации последствий стихийных бедствий _xКадры _xПсихологическая подготовка _92488108 _3RU\NLR\AUTH\6601692745 |
| 686 | 1 | _aЮ942-7 | |
| 700 | 1 |
_aСавинков _bС. Н. _gСтанислав Николаевич |
|
| 701 | 1 |
_aКоваль _bН. А. _gНина Александровна |
|
| 701 | 1 |
_8rus _7ca _aКомаров _bВ.В. _cканд. психол. наук _gВладимир Владимирович _3RU\NLR\AUTH\7731726 _914736 |
|
| 790 | 1 |
_6z11510 _aSavinkov _bS. N. _gStanislav Nikolaevič [et al] |
|
| 942 | _cBOOK | ||
| 980 | _aNBR | ||